000
00342nam a2200145Ia 4500
008
151213s9999 xx 000 0 und d
100
_a
Hidayatullah
245
_a
Mohammedan Law
_c
Hidayatullah
260
_a
Bombay
_b
Tripathi Private
_c
2005
300
_a
2105 p.
650
_a
Law
650
_a
Law
700
_a
Hidayatullah
999
_c
1552
_d
1552